Countries With The Busiest Airports - Statistics

General Stats
  • This quiz has been taken 32 times
  • The average score is 21 of 23
Answer Stats
# City Country % Correct
72.0 mil Paris France
100%
63.2 mil Frankfurt Germany
100%
84.5 mil London United Kingdom
100%
106 mil Atlanta United States
100%
47.2 mil São Paulo Brazil
97%
85.0 mil Shanghai China
97%
78.0 mil Delhi India
97%
91.4 mil Tokyo Japan
97%
68.2 mil Madrid Spain
97%
84.5 mil Istanbul Turkey
97%
95.2 mil Dubai United Arab Emirates
97%
47.3 mil Toronto Canada
93%
55.0 mil Jakarta Indonesia
93%
50.9 mil Rome Italy
93%
68.8 mil Amsterdam Netherlands
90%
53.4 mil Jeddah Saudi Arabia
87%
62.9 mil Bangkok Thailand
87%
63.3 mil Kuala Lumpur Malaysia
83%
70.0 mil Singapore Singapore
83%
52.0 mil Manila Philippines
80%
54.3 mil Doha Qatar
77%
74.1 mil Seoul South Korea
77%
47.8 mil Taipei Taiwan
77%
No matching quizzes found
Score Distribution
Percent of People with Each Score
Percentile by Number Answered
Your Score History
You have not taken this quiz